000 00506nam a2200181Ia 4500
001 21224
005 20260306172903.0
008 260306t2014||||xx |||||||||||||| ||spa||
041 _aESP
082 _a344.2
_bV67A
100 _aVillegas Paiva, Elky
_eAUT
245 0 _aLa suspensión de la pena y la reserva del fallo condenatorio:
_bproblemas en su determinación y ejecución
260 _c2014
300 _a239 páginas :
_c24 cm.
650 _aGEN
654 _aCDE
942 _cLIB
_dJUS
_fJUS
_2ddc
_n
999 _c21224
_d21224